000
00304 a2200121 4500
000
nam a22 7a 4500
005
20260212130043.0
020
_a
9789348229427
100
_a
Ed. Prakash Devkulish
_9
1115417
245
_a
Agnileek Kee Aginkatha
260
_b
Lokbharti Prakashan
_c
2025
942
_c
TEXL
999
_c
1679436
_d
1679436